Alternatívny prenos rizika

Alternatívny prenos rizika v poisťovníctve. Sekuritizácia poistných rizík. Formy alternatívneho prenosu rizika: poistné dlhopisy, poistné deriváty, kreditné deriváty, kontingentný kapitál, finitné zaistenie, štruktúrované financovanie.

Na minha lista:
Detalhes bibliográficos
Autor principal: Krátka, Zuzana, 1968-
Formato: Capítulo de Livro
Idioma:eslovaco
Assuntos:
Tags: Adicionar Tag
Sem tags, seja o primeiro a adicionar uma tag!

MARC

LEADER 00000naa$a2200000$$$4500
001 0249296
005 20240502083710.1
041 0 |a slo 
044 |a CZ 
245 1 0 |a Alternatívny prenos rizika  |c Zuzana Krátka 
520 |a Alternatívny prenos rizika v poisťovníctve. Sekuritizácia poistných rizík. Formy alternatívneho prenosu rizika: poistné dlhopisy, poistné deriváty, kreditné deriváty, kontingentný kapitál, finitné zaistenie, štruktúrované financovanie. 
610 2 0 |a poisťovne 
610 2 0 |a poistenie 
610 2 0 |a riziko poistné 
610 2 0 |a sekuritizácia 
610 2 0 |a dlhopisy 
610 2 0 |a deriváty 
610 2 0 |a zaistenie 
610 2 0 |a zaisťovne 
100 1 |a Krátka, Zuzana, 1968-